00901nam a22002417a 450000500170000001000130001702000270003003500130005703700160007004000120008608200170009810000320011524500670014726000450021427000610025930000260032050000210034665000560036765000560042394200260047999900190050595201350052420170124110241.0 aB-129792 c1500.00a9780195659689 aB-129792 bCen Lib/Ret aDPLbEN a658.954bTRI aTripathi, Dwijendra 995077 aThe oxford history of Indian business /cby Dwijendra Tripathy bNew DelhiaOxford unversity press c2004 bNew DelhiaYMCA Library Building, Jai SIngh Roade110001 a371p.c28cm(Hb)bill. ainlcludes index  aIndia -- Commerce -- History -- 19th century995078 aIndia -- Commerce -- History -- 20th century995079 2ddccENh658.954mTRI c135200d135200 001040718REFaLbLd2015-10-03eCen Lib/Retg1500.00l0o658.954 TRIpB-129792r2015-10-03 00:00:00t1v1500.00w2015-10-03yEN